<?xml version="1.0" encoding="UTF-8"?>
<collection xmlns="http://www.loc.gov/MARC21/slim">
 <record>
  <leader>00524nam a22001455a 4500</leader>
  <controlfield tag="001">EUN.um023035</controlfield>
  <controlfield tag="003">AR-BaUNS</controlfield>
  <controlfield tag="005">20050623122901.0</controlfield>
  <controlfield tag="008">041125s1971####ag############000#0#spa#d</controlfield>
  <datafield tag="245" ind1="1" ind2="4">
   <subfield code="a">Las arenas del litoral bonaerense entre el río Sauce Grande y Monte Hermoso. /</subfield>
   <subfield code="c">Augusto P. Calmels.</subfield>
  </datafield>
  <datafield tag="260" ind1=" " ind2=" ">
   <subfield code="a">Bahía Blanca :</subfield>
   <subfield code="b">Universidad Nacional del Sur, Departamento de geología,</subfield>
   <subfield code="c">1971.</subfield>
  </datafield>
  <datafield tag="300" ind1=" " ind2=" ">
   <subfield code="a">31 h.</subfield>
  </datafield>
  <datafield tag="100" ind1="1" ind2=" ">
   <subfield code="a">Calmels, Augusto P.</subfield>
  </datafield>
  <datafield tag="082" ind1="0" ind2="4">
   <subfield code="a">552.5</subfield>
  </datafield>
  <datafield tag="859" ind1=" " ind2=" ">
   <subfield code="a">Ar-BaUNS</subfield>
   <subfield code="b">BIB. CENTRAL - Sector C</subfield>
   <subfield code="h">552.5</subfield>
   <subfield code="i">C136-8</subfield>
   <subfield code="p">63127/972</subfield>
  </datafield>
 </record>
</collection>
